01226nam a2200241Ia 4500003000400000005001700004008004100021020001500062040002100077041000800098082001900106100006900125245025200194260003800446300005300484500003300537505023100570546002700801650003200828700003800860700004100898700004500939OSt20200921144823.0191128t1992 ck a gr 000 0 spa d a968451719X aCO-JMCRcCO-JMCR aspa04aR /b658 B582b1 aEquipo de Consultores Editoriales de McGraw-Hill, ecompiladores 0aBiblioteca práctica de negocios : badministración financiera / ccompilado por el equipo de consultores editoriales de McGraw-Hill ; revisión técnica José I. Gil Mendoza, Marcia González Osuna, Rafael Mirafuentes Magdaleno [y otros 4] aBogotá : bMcGraw-Hill,c©1992 b gráficos a color ; a181 páginas : c24 cm. aIncluye índice analítico aElementos fundamentales -- Decisiones para inversiones a largo plazo -- Decisiones de financiamiento a largo plazo -- Decisiones de inversión y financiamiento a corto plazo -- Valuación, decisiones y técnicas financieras aTraducido del inglés14aAdministración financiera aGil Mendoza, José I., erevisor aGonzález Osuna, Marcia, erevisor  aMirafuentes Magdaleno, Rafael, erevisor